000 00444nam a2200193Ia 4500
008 210210b1919 xxu||||| |||| 00| 0 eng d
041 _aeng
082 _a824/47
100 _aBROOKE (S A)
245 _aTen more plays of Shakespeare
260 _aLondon
_bConstable & Co Ltd.
_c1919
650 _aTen
650 _aShakespeare
650 _aplays
650 _aof
650 _amore
690 _aEnglish Criticism
906 _a014001
999 _c133078
_d133078